Future trends in microelectronics : (Record no. 175548)

000 -LEADER
fixed length control field 01164 a2200253 4500
003 - CONTROL NUMBER IDENTIFIER
control field Nust
005 - DATE AND TIME OF LATEST TRANSACTION
control field 20220811155506.0
010 ## - LIBRARY OF CONGRESS CONTROL NUMBER
LC control number 2004052467
020 ## - INTERNATIONAL STANDARD BOOK NUMBER
International Standard Book Number 0471484059
040 ## - CATALOGING SOURCE
Transcribing agency Nust
082 00 - DEWEY DECIMAL CLASSIFICATION NUMBER
Classification number 621.38121,FUR
245 00 - TITLE STATEMENT
Title Future trends in microelectronics :
Remainder of title the nano, the giga, and the ultra /
Statement of responsibility, etc. edited by Serge Luryi, Jimmy Xu, Alex Zaslavsky.
260 ## - PUBLICATION, DISTRIBUTION, ETC.
Place of publication, distribution, etc. New York :
Name of publisher, distributor, etc. IEEE ;
Place of publication, distribution, etc. Hoboken, N.J. :
Name of publisher, distributor, etc. Wiley,
Date of publication, distribution, etc. c2004.
300 ## - PHYSICAL DESCRIPTION
Extent xiii, 408 p. :
Other physical details ill. ;
Dimensions 25 cm.
505 ## - FORMATTED CONTENTS NOTE
Formatted contents note Part 1:- Silicon in the Nano Age (Page-1), Sers and Other Nano materialism,Quanta,Spins,and Molecules (Page-145), Part 3:- Quantum Cascade Terahertz La Laser Novelties (Page-283).
650 #0 - SUBJECT ADDED ENTRY--TOPICAL TERM
Topical term or geographic name entry element Telecommunication Engineering.
700 1# - ADDED ENTRY--PERSONAL NAME
Personal name Luryi, Serge.
9 (RLIN) 77292
700 1# - ADDED ENTRY--PERSONAL NAME
Personal name Xu, Jimmy.
9 (RLIN) 96933
700 1# - ADDED ENTRY--PERSONAL NAME
Personal name Zaslavsky, Alexander.
9 (RLIN) 96934
856 42 - ELECTRONIC LOCATION AND ACCESS
Materials specified Contributor biographical information
Uniform Resource Identifier <a href="http://www.loc.gov/catdir/enhancements/fy0618/2004052467-b.html">http://www.loc.gov/catdir/enhancements/fy0618/2004052467-b.html</a>
856 42 - ELECTRONIC LOCATION AND ACCESS
Materials specified Publisher description
Uniform Resource Identifier <a href="http://www.loc.gov/catdir/description/wiley042/2004052467.html">http://www.loc.gov/catdir/description/wiley042/2004052467.html</a>
856 42 - ELECTRONIC LOCATION AND ACCESS
Materials specified Table of contents only
Uniform Resource Identifier <a href="http://www.loc.gov/catdir/toc/wiley041/2004052467.html">http://www.loc.gov/catdir/toc/wiley041/2004052467.html</a>
942 ## - ADDED ENTRY ELEMENTS (KOHA)
Koha item type Reference
Source of classification or shelving scheme
Holdings
Withdrawn status Lost status Source of classification or shelving scheme Damaged status Not for loan Permanent Location Current Location Shelving location Date acquired Full call number Barcode Date last seen Price effective from Koha item type Public note
          Military College of Signals (MCS) Military College of Signals (MCS) Reference 12/12/2016 621.38121,FUR MCS30608 12/08/2016 12/12/2016 Reference Almirah No.21, Shelf No.2
© 2023 Central Library, National University of Sciences and Technology. All Rights Reserved.